More Tell Me Why : (Record no. 16166)
[ view plain ]
| 000 -LEADER | |
|---|---|
| fixed length control field | 01269cam a2200313 4500 |
| 001 - CONTROL NUMBER | |
| control field | 4076276 |
| 005 - DATE AND TIME OF LATEST TRANSACTION | |
| control field | 19740603000000.0 |
| 008 - FIXED-LENGTH DATA ELEMENTS--GENERAL INFORMATION | |
| fixed length control field | 721107s1966 enka jr 001 0 eng |
| 010 ## - LIBRARY OF CONGRESS CONTROL NUMBER | |
| LC control number | 71158763 |
| 020 ## - INTERNATIONAL STANDARD BOOK NUMBER | |
| International Standard Book Number | 0600360806 |
| 020 ## - INTERNATIONAL STANDARD BOOK NUMBER | |
| International Standard Book Number | 9780600360803 |
| 040 ## - CATALOGING SOURCE | |
| Original cataloging agency | DLC |
| Transcribing agency | DLC |
| Modifying agency | DLC |
| 042 ## - AUTHENTICATION CODE | |
| Authentication code | lcac |
| 050 00 - LIBRARY OF CONGRESS CALL NUMBER | |
| Classification number | AG195 |
| Item number | .L338 |
| 082 00 - DEWEY DECIMAL CLASSIFICATION NUMBER | |
| Classification number | 081 |
| Edition number | 22 |
| Item number | LEO |
| 100 1# - MAIN ENTRY--PERSONAL NAME | |
| Personal name | Leokum, Arkady. |
| 9 (RLIN) | 27614 |
| 245 10 - TITLE STATEMENT | |
| Title | More Tell Me Why : |
| Remainder of title | Answers to Over 300 Questions Children Ask Most Often / |
| Statement of responsibility, etc | By arkady Leokum; illus. Cynthia Iliff Koehler; Alvin Koehler |
| 260 ## - PUBLICATION, DISTRIBUTION, ETC. (IMPRINT) | |
| Place of publication, distribution, etc | London : |
| Name of publisher, distributor, etc | Hamlyn, 1967 |
| Date of publication, distribution, etc | 1967 |
| 300 ## - PHYSICAL DESCRIPTION | |
| Extent | 395 P. : |
| Other physical details | ill. (part col.) |
| Dimensions | 25 cm. |
| 520 ## - SUMMARY, ETC. | |
| Summary, etc | Questions and answers about such things as the world around us and how it began, the human body, how other creatures live, and how things are made. |
| 650 #0 - SUBJECT ADDED ENTRY--TOPICAL TERM | |
| Topical term or geographic name as entry element | Children's questions and answers. |
| 9 (RLIN) | 27615 |
| 650 #1 - SUBJECT ADDED ENTRY--TOPICAL TERM | |
| Topical term or geographic name as entry element | Questions and answers. |
| 9 (RLIN) | 27616 |
| 653 ## - INDEX TERM--UNCONTROLLED | |
| Resource For college | |
| Arrived date list | October2011 |
| 700 ## - ADDED ENTRY--PERSONAL NAME | |
| 9 (RLIN) | 27618 |
| Personal name | Koehler, Alvin, |
| Relator term | illus. |
| 700 ## - ADDED ENTRY--PERSONAL NAME | |
| 9 (RLIN) | 27617 |
| Personal name | Koehler, Cynthia Iliff, |
| Relator term | illus. |
| 740 ## - ADDED ENTRY--UNCONTROLLED RELATED/ANALYTICAL TITLE | |
| Uncontrolled related/analytical title | Tell me why. |
| 942 ## - ADDED ENTRY ELEMENTS (KOHA) | |
| Source of classification or shelving scheme | Dewey Decimal Classification |
| Item type | Book - Borrowing |
| Withdrawn status | Item status | Source of classification or shelving scheme | Damaged status | Not for loan | Vendor | Home library | Current library | Shelving location | Date acquired | Cost, normal purchase price | Total Checkouts | Total Renewals | Full call number | Barcode | Date last seen | Date last borrowed | Koha item type |
|---|---|---|---|---|---|---|---|---|---|---|---|---|---|---|---|---|---|
| Dewey Decimal Classification | سور الازبكية | Central Library | Central Library | Lower Floor | 26/10/2011 | 160.00 | 1 | 1 | 081 LEO | 000025495 | 15/07/2025 | 27/10/2011 | Book - Borrowing |